มุมมองปกติ
มุมมองแบบ MARC
- การท่องเที่ยวโดยชุมชน
รายการ Topical Term
001 - CONTROL NUMBER
- control field: 13561
003 - CONTROL NUMBER IDENTIFIER
- control field: NALT
005 - DATE AND TIME OF LATEST TRANSACTION
- control field: 20190322092511.0
008 - FIXED-LENGTH DATA ELEMENTS
- fixed length control field: 170818|| aca||aabn | a|a d
040 ## - CATALOGING SOURCE
- Original cataloging agency: NALT
- Transcribing agency: NALT
150 ## - HEADING--TOPICAL TERM
- Topical term or geographic name entry element: การท่องเที่ยวโดยชุมชน
670 ## - SOURCE DATA FOUND
- Source citation: Work cat.: (NALT)47133: บุญศรี พรหมมาพันธุ์ 12931, แนวทางการพัฒนาศักยภาพขององค์การบริหารส่วนตำบลในการส่งเสริมการท่องเที่ยวในชุมชน, ม.ป.ป.
